MARC

LEADER 00000nam0a2200000 4500
001 250276
005 20231101232540.0
035 |a (RuTPU)RU\TPU\book\272460 
090 |a 250276 
100 |a 20140212d1959 k y0rusy50 ca 
101 1 |a rus  |c ger 
102 |a RU 
105 |a a z 001zy 
200 1 |a Принципы механики, изложенные в новой связи  |e пер. с нем.  |f Г. Герц 
210 |a Москва  |c Изд-во АН СССР  |d 1959 
215 |a 387 с.  |c ил. 
225 1 |a Классики науки 
320 |a Библиогр.: с. 374-382 
606 1 |a Механика  |2 stltpush  |3 (RuTPU)RU\TPU\subj\67812  |9 83462 
610 1 |a материальные системы 
610 1 |a геометрия 
610 1 |a кинематика 
610 1 |a кинематические понятия 
610 1 |a основной закон 
610 1 |a движение 
610 1 |a системы со скрытыми массами 
610 1 |a прерывность 
610 1 |a приложения 
675 |a 531  |v 4 
700 1 |a Герц  |b Г.  |g Генрих 
712 0 2 |a Академия наук СССР (АН СССР)  |b Институт истории естествознания и техники (ИИЕТ АН СССР)  |c (Москва)  |2 stltpush  |3 (RuTPU)RU\TPU\col\8662 
801 1 |a RU  |b 63413507  |c 20140212 
801 2 |a RU  |b 63413507  |c 20171002  |g RCR 
942 |c BK